[Event "Dieren op"]
[Site "Dieren"]
[Date "2015.07.23"]
[Round "3"]
[White "Moradiabadi, Elshan"]
[Black "Bollen, Guus"]
[Result "1-0"]
[WhiteElo "2567"]
[BlackElo "2088"]
[PlyCount "59"]
[EventDate "2015.07.21"]
[EventType "swiss"]
[EventRounds "9"]
[EventCountry "NED"]
[SourceTitle "CBM 167 Extra"]
[Source "ChessBase"]
[SourceDate "2015.09.14"]
[SourceVersion "1"]
[SourceVersionDate "2015.09.14"]
[SourceQuality "1"]

1. d4 f5 2. g3 Nf6 3. Bg2 e6 4. c4 Be7 5. Nf3 0-0 6. 0-0 d6 7. b3 Ne4 8. Bb2 Bf6 9. Nbd2 c5 10. Qc2 Nxd2 11. Qxd2 Qc7 12. Rad1 Nc6 13. d5 Ne5 14. Nxe5 dxe5 15. d6 Qd7 16. Qe3 e4 17. Bxf6 Rxf6 18. Qxc5 b6 19. Qd4 Bb7 20. Rd2 Rc8 21. Rfd1 Rh6 22. b4 e5 23. Qxe5 Rxc4 24. e3 a6 25. Bf1 Rc8 26. b5 Re6 27. Qxf5 Rc5 28. Qxe6+ Qxe6 29. d7 Rc8 30. d8Q+ 1-0